| 000 | 01125nam a2200265 i 4500 | ||
|---|---|---|---|
| 001 | 106455 | ||
| 003 | ES-MaACL | ||
| 005 | 20250812062524.0 | ||
| 007 | t| | ||
| 008 | 221106s1959 sp f |00110 spa d | ||
| 080 | _a111 | ||
| 100 | 1 |
_aWilhelmsen, Frederick D. _9116845 |
|
| 245 | 1 | 0 |
_aTragedia, éxtasis e historia / _cFrederick D. Wilhelmsen. |
| 260 |
_aMadrid : _bAteneo, _c1959. |
||
| 300 |
_a32 p., [1] h. de lám. ; _c19 cm. |
||
| 490 | 1 |
_aO crece o muere ; _v130 |
|
| 505 | 0 | _aHacia una ontología de la persona humana; Tragedia e historia; Éxtasis e historia; Lo no absoluto y la persona humana; El humanismo contra el hombre | |
| 594 | _aEn verso de port.: El original de este cuaderno fue dado a conocer por el autor en la campaña de colaboración cultural en los ateneos de España durante el curso 1957-58. | ||
| 598 | _aN. 130 repetido, con dos tít. distintos del mismo autor. | ||
| 610 | 2 | 4 |
_aAteneo de Madrid- _vConferencias- _y1940-1982. _91908 |
| 650 |
_aOntología. _915705 |
||
| 830 | 1 | 0 |
_aColección "O crece o muere" _v130 _9183476 |
| 852 |
_aES-MaACL _j2207-F-11 |
||
| 999 |
_c106455 _d106455 |
||